Terraria Weapons - Melee, Magic or Ranged? - Statistics

General Stats
  • This quiz has been taken 253 times
  • The average score is 14 of 15
Answer Stats
Question Answer % Correct
Wand of Sparking Magic
100%
Nebula Arcanum Magic
100%
Water Bolt Magic
100%
Copper Shortsword Melee
100%
Silver Pickaxe Melee
100%
Musket Ranged
100%
Minishark Ranged
100%
Razorblade Typhoon Magic
96%
Rotted Fork Melee
96%
Flairon Melee
96%
Star Wrath Melee
92%
Vilethorn Magic
90%
The Undertaker Ranged
90%
Bubble Gun Magic
71%
Arkhalis Melee
69%
No matching quizzes found
Score Distribution
Percent of People with Each Score
Percentile by Number Answered
Your Score History
You have not taken this quiz